| 000 | 01063nam a22003131 4500 | ||
|---|---|---|---|
| 001 | 17736 | ||
| 003 | BD-RjUL | ||
| 005 | 20211209000202.0 | ||
| 008 | 140217s1953 nyua b 001 0 eng d | ||
| 035 | _a(BD-RjUL)17794 | ||
| 035 | _a(OCoLC)1163963 | ||
| 040 |
_aDLC _cOTU _dOCoLC _dDLC _dBD-RjUL _beng |
||
| 041 | _aeng | ||
| 082 | 0 | 0 |
_a820.82 _bLIT 1953 |
| 245 | 1 | 0 |
_aLiterature for our time : _ban anthology for college students / _cedited by Harlow O. Waite and Benjamin P. Atkinson. |
| 250 | _aRev. ed. | ||
| 260 |
_aNew York : _bHolt, _c1953. |
||
| 300 |
_axiv, 998 p. : _billus. _c25 cm. |
||
| 500 | _aFirst ed., 1947, edited by Leonard S. Brown, Harlow O. Waite, and Benjamin P. Atkinson. | ||
| 504 | _aIncludes bibliographical references and index. | ||
| 650 | 0 |
_aLiterature, Modern. _954675 |
|
| 650 | 0 |
_aAmerican literature. _954676 |
|
| 650 | 0 |
_aEnglish literature. _954677 |
|
| 700 | 1 |
_aWaite, Harlow O., _954678 |
|
| 700 | 1 |
_aAtkinson, Benjamin P., _ejoint ed. _954679 |
|
| 942 |
_2ddc _cBK |
||
| 999 |
_c17736 _d17736 |
||